|
|
|
|
| LEADER |
00718nta a2200205 i 4500 |
| 001 |
dokt8522 |
| 005 |
20221121145246.0 |
| 008 |
221121s1971 hu om 0|| hun d |
| 040 |
|
|
|a SZTE Doktori Repozitórium
|b hun
|
| 041 |
|
|
|a hun
|
| 100 |
1 |
|
|a Bácshelyi Kálmán
|
| 245 |
1 |
0 |
|a Kiskunhalas központi funkciói és vonzáskörzete
|h [elektronikus dokumentum] /
|c Bácshelyi Kálmán
|
| 260 |
|
|
|c 1971
|
| 502 |
|
|
|a Disszertacio
|
| 650 |
|
4 |
|a társadalomtudományok
|
| 650 |
|
4 |
|a Társadalomtudományok
|
| 650 |
|
4 |
|a Társadalom- és gazdaságföldrajz
|
| 695 |
|
|
|a Gazdasági földrajz
|
| 700 |
1 |
|
|a Krajkó Gyula
|e ths
|
| 856 |
4 |
0 |
|u https://doktori.bibl.u-szeged.hu/id/eprint/8522/1/1971_bacshelyi_kalman.pdf
|z Dokumentum-elérés
|